Statistics for J Vocabulary Words A-Z

Click here to take the quiz!

General Stats

  • This quiz has been taken 173 times
  • The average score is 15 of 26

Answer Stats

clueword% Correct
Bshort quick punchjab
95%
Gvessel for pouring liquidjug
95%
Aisland, and programming languageJava
87%
Yracing horse riderjockey
85%
Wpuzzle with many piecesjigsaw
83%
Ohot pepper varietyjalapeño
80%
ZLouis Amstrong played thisjazz
80%
Ethick tropical forestjungle
78%
Dran at a slow easy pacejogged
75%
PUS army's main motor transport in WWIIjeep
74%
Sone of the twelve apostles, who later suicidedJudas
73%
UJapanese martial artjiujitsu
68%
Ldog-like animaljackal
67%
Tmember of the Catholic Society of JesusJesuit
67%
Xrecord-playing machinejukebox
67%
Kprison escapejailbreak
64%
NMiddle Eastern river crossed by Allenby BridgeJordan
48%
Vairport code of Jyväskylä in FinlandJYV
48%
Rone of the Twelve Angry Menjuror
39%
Fhorse showjumping tie-break roundjumpoff
33%
Cexcessively nationalistic, almost spoiling for warjingoistic
30%
HHarry Connick Jr's actual first nameJoseph
27%
Mwine bottle size, about 3 litersjeroboam
21%
IIslamic spirit, also known as a djinnjinni
21%
JCaleJJ
19%
QJames Taylor Quartet, an exponent of ZJTQ
19%

Score Distribution

Percentile by Number Answered

Percent of People with Each Score

Your Score History

You have not taken this quiz